00501nam a2200145Ia 450000500170000000800410001710000280005824500750008626000160016130000110017765000200018894200080020899900170021695201220023320260328104342.0260328s9999||||xx |||||||||||||| ||und|| aSamper Gnecco, Germán 0aCroquis de Viaje :b Germán Samper Gnecco| /cGermán Samper Gnecco bLa Imprenta a261 p. aGERMÁN SAMPER cREF c12142d12142 001040708REFaGPCbGPCcREFd2026-03-28i6393l0oR 010 Sa 474 V. 11p6393r2026-03-28 15:43:42t1w2026-03-28yBK